| 000 -LEADER |
| fixed length control field |
00597nam a22001937a 4500 |
| 008 - FIXED-LENGTH DATA ELEMENTS--GENERAL INFORMATION |
| fixed length control field |
151009b xxu||||| |||| 00| 0 eng d |
| 020 ## - INTERNATIONAL STANDARD BOOK NUMBER |
| International Standard Book Number |
9780324663808 |
| 020 ## - INTERNATIONAL STANDARD BOOK NUMBER |
| International Standard Book Number |
0324663803 |
| 041 0# - LANGUAGE CODE |
| Language code of text/sound track or separate title |
eng |
| 080 ## - UNIVERSAL DECIMAL CLASSIFICATION NUMBER |
| Universal Decimal Classification number |
657 |
| 100 1# - Rafti |
| Rafti |
Gelinas, Ulric J. |
| 245 10 - TITLE STATEMENT |
| Title |
Accounting information systems / |
| Statement of responsibility, etc |
Ulric J. Gelinas, Jr., Richard B. Dull. |
| 250 ## - |
| -- |
8th ed. |
| 260 ## - |
| -- |
Australia ; |
| -- |
Mason, Ohio : |
| -- |
South-Western/ Cengage Learning, |
| -- |
2010. |
| 300 ## - |
| -- |
xxii, 674 f. : |
| -- |
me il.; |
| -- |
26 cm. |
| 650 #0 - |
| -- |
Kontabilitet |
| -- |
Përpunimi i të dhënave |
| 700 1# - |
| -- |
Dull, Richard B. |
| 942 ## - ADDED ENTRY ELEMENTS (KOHA) |
| Source of classification or shelving scheme |
|
| Item type |
Books |